Score 0/22 Timer 03:00
3 Plays Today
Two Clues 'M' Word % Correct
Algebra or geometryMath
99.4%
Everest or RushmoreMount
97%
June or OctoberMonth
96.7%
Jagger or JonesMick
96.5%
Sports Illustrated or NewsweekMagazine
94.8%
Nature or TeresaMother
91.8%
Curious George or NkimaMonkey
89.7%
3.2808 feet or 100 centimetersMeter
89.6%
Lewinsky or SelesMonica
87%
Chocolate or 2%Milk
86.4%
Groucho or HarpoMarx Brother
85%
Two Clues 'M' Word % Correct
McDowell or XMalcolm
84.8%
Honeydew or sugarMelon
81.6%
Road or treasureMap
76.6%
Bovary or ButterflyMadame
71.3%
Balloon or adjustable-rateMortgage
58.6%
Marcel Marceau or Pablo ZibesMime
56.2%
Bucky Badger or Phillie PhanaticMascot
56.1%
Colt 45 or Olde English 800Malt liquor
53.6%
Hazel or Rosie the RobotMaid
52.1%
Baryshnikov or GorbachevMikhail
51.6%
Harry Blackstone or Doug HenningMagician
38.6%
Remove Ads.
Support Sporcle.
Get the best of Sporcle when you Go Orange. This ad-free experience offers more features, more stats, and more fun while also helping to support Sporcle. Thank you for becoming a member.

You're not logged in!

Compare scores with friends on all Sporcle quizzes.
OR
Log In

Show Comments

Extras

Top Quizzes Today


Score Distribution

Your Account Isn't Verified!

In order to create a playlist on Sporcle, you need to verify the email address you used during registration. Go to your Sporcle Settings to finish the process.

Report this User

Report this user for behavior that violates our Community Guidelines.

Details: